| 000 | 00767nam a2200217Ia 4500 | ||
|---|---|---|---|
| 008 | 240729s9999 xx 000 0 und d | ||
| 022 | _a2795-5044 | ||
| 245 | 0 | _aJournal of Tourism, Sustainability and Well-being | |
| 260 | _aPortugal | ||
| 260 | _bResearch Centre for Tourism, Sustainability and Well-being (CinTurs) | ||
| 650 | _a Business | Technology | ||
| 650 | _a Commerce | ||
| 650 | _a Home economics | ||
| 650 | _a Hospitality industry. Hotels, clubs, restaurants, etc. Food service | Social Sciences | ||
| 650 | _a Recreation. Leisure | Social Sciences | ||
| 650 | _a Sociology (General) | ||
| 650 | _aGeography. Anthropology. Recreation | ||
| 856 | _uhttps://doaj.org/toc/e1ad9eac956f4bbda22260059861e325 | ||
| 942 | _2ddc | ||
| 942 | _cDOAJEJ | ||
| 999 |
_c66369 _d66369 |
||
| 945 |
_a1 _bMadushi Gamage _c1 _dMadushi Gamage |
||